|
|
|
|
| LEADER |
00000nab a2200000 ar4500 |
| 001 |
vtls010181107 |
| 003 |
SK-MaSNL |
| 005 |
20260303091829.0 |
| 008 |
101020c2010 xo ||||||||||||00 b|slo |
| 015 |
|
|
|a SNBRB2010/10
|2 snkbucl
|
| 038 |
|
|
|a SNKBUCL
|
| 040 |
|
|
|a SNKBUCL
|b slo
|c SNKBUCL
|e AACR2
|
| 041 |
0 |
|
|a slo
|
| 044 |
|
|
|a xo
|c SK
|
| 080 |
|
|
|a 26/28:061.2
|2 2001
|
| 080 |
|
|
|a 929 Gunčaga, Ján
|2 2001
|
| 245 |
0 |
0 |
|a Odmeniť život-
|c [autor] NS
|
| 300 |
|
|
|b Fotogr.
|
| 600 |
1 |
7 |
|a Gunčaga, Ján,
|d 1923-2010
|2 snkbucl
|9 205317
|
| 610 |
2 |
7 |
|a Ústredie slovenskej kresťanskej inteligencie
|2 snkbucl
|9 34083
|
| 655 |
|
7 |
|a nekrológy
|2 snkbucl
|9 402542
|
| 773 |
0 |
|
|t Zrno
|g Roč. XXI, č. 6 (2010), s. 16-18
|x 1337-0529
|
| 852 |
|
|
|a SNK
|b KIS3GCP
|
| 958 |
|
|
|a BX
|
| 999 |
|
|
|c 1809539
|d 1811469
|